000 00440nam a2200181Ia 4500
001 4213
005 20260306145739.0
008 260306t2015||||xx |||||||||||||| ||spa||
041 _aESP
082 _a320.01
_bH411
100 _aHabermas, Jurgen
_eAUT
245 0 _aTeoria y praxis:
_bestudios de filosofía social
260 _c2015
300 _a439 páginas :
_c23 cm.
650 _aGEN
654 _aCDE
942 _cLIB
_dJUS
_fJUS
_2ddc
_n
999 _c4213
_d4213